00620nam a22002057a 450000500170000001000130001702000230003003500130005303700160006604000120008208200170009424500720011126000460018327000480022930000240027750000200030165000510032165000210037270000210039320170124110140.0 aA-817164 c175.00a8120310462 aA-817164 bCen Lib/Ret aDPLbEN a621.392bOBJ aObject-oriented modeling and design /cby James Rumbaugh...[et al.] aNew Delhi bPrentice Hall of India c1996 bNew Delhi e110001aM-97, Connaught Circus  axii,500p.c23cm(Hb) aIncludes index  aObject-oriented programming (Computer science) aSystem designx  aRumbaugh, James